| 000 | 01128nam a22002057a 4500 | ||
|---|---|---|---|
| 999 |
_c63217 _d63217 |
||
| 005 | 20250630170917.0 | ||
| 008 | 250630s2024 ge ||||| |||| 00| 0 eng d | ||
| 020 | _a9789941866418 | ||
| 041 | _aeng | ||
| 080 | _a324:342.511(479.2) P-49 | ||
| 245 |
_aPresidential elections in the South Caucasus: _bpolitical transformations, imagined unity, and memory discourses : [Monograph] / _cedited by Ruslan Baramidze, Sergey Rumiantsev. |
||
| 264 |
_aTbilisi : _b Favorite, _c2024. |
||
| 300 |
_a234 p. : _bill. ; _c20 cm. |
||
| 500 | _aბიბლიოგრაფია სტატიების ბოლოს. | ||
| 521 | _aრეზიუმე ქართულ ენაზე. | ||
| 526 | _aმონოგრაფია გამოიცა შოთა რუსთაველის საქართველოს ეროვნული სამეცნიერო ფონდის ფინანსური მხარდაჭერით | ||
| 700 |
_aBaramidze, Ruslan _eრედაქტორი _925578 |
||
| 700 |
_aRumiantsev, Sergey _eრედაქტორი _925579 |
||
| 942 |
_2udc _cBK |
||